| Поле | Инд. | ПП | Название | Значение |
|---|---|---|---|---|
| Тип записи | a | |||
| Библиографический уровень | m | |||
| 001 | Контрольный номер | RU/LIBMSTU/268326400 | ||
| 005 | Дата корректировки | 20160524113711.7 | ||
| 020 | 00 | a | ISBN | 5-02-006168-9 |
| c | Цена, тираж | 117-33 | ||
| 020 | 00 | a | ISBN | 5-02-006170-0 |
| 084 | a | Индекс другой классификации/Индекс ББК | 60+67.408.0+60.56+60.52 | |
| 090 | 00 | a | Полочн. индекс | 60 |
| x | Авторский знак | К 88 | ||
| 100 | 10 | a | Автор | Кудрявцев В. Н. |
| 245 | 00 | a | Заглавие | Избранные труды по социальным наукам |
| n | Номер части/ раздела | В 3 т. Т. 2. Криминология. Социология. Конфликтология | ||
| c | Ответственность | РАН | ||
| 260 | 00 | a | Место издания | Москва |
| b | Издательство | Наука | ||
| c | Дата издания | 2002 | ||
| 300 | 00 | a | Объем | 283 с. |
| 650 | _4 | a | Основная рубрика | Социальные науки; Социология; Криминология; Конфликтология |
| 653 | 00 | a | Ключевые слова | Конфликтология |
| a | Ключевые слова | Криминология | ||
| a | Ключевые слова | Личность | ||
| a | Ключевые слова | Преступность | ||
| a | Ключевые слова | Социальное поведение | ||
| a | Ключевые слова | Социальные науки | ||
| a | Ключевые слова | Социология права | ||
| 901 | t | Тип документа | m | |
| 990 | 00 | f | Даты поступлений (DOS) | 05.03 |
| f | Даты поступлений (DOS) | 01.03 |